000 00886cam a22002411i 4500
003 SA-RiAUC
005 20250325132242.0
008 250315s1998 su g 000r0 ara c
040 _aSA-RiAUC
_bara
_cSA-RiAUC
_erda
050 4 _b.S53 1998
082 0 4 _a953.04
090 _a953.04
_b ش ا ك
100 1 _aشاكر، محمود محمد،
_d1909-1997
_eمؤلف.
245 1 0 _aعلى مشارف الواقع /
_cمحمود شاكر.
264 1 _aالرياض :
_bمكتبة العبيكان،
_c1998
300 _a64 صفحة ؛
_c21 سم
336 _aنص
_btxt
_2rdacontent
_3كتاب
337 _aبدون وسيط
_bn
_2rdamedia
338 _aمجلد
_bnc
_2rdacarrier
651 7 _aالبلاد الإسلامية
_xأحوال اجتماعية
_yالعصر العباسي، 750-1258
_2aucsh
942 _2ddc
_cBOOK
_n0
949 _aSA-JeALM
_d250315
_umohamedma123
_n1
999 _c6630
_d6630